000 00811nas a2200277 4500
001 BR9704613
003 BR-BrBNA
005 20231205100537.0
007 ta
008 230509b bl.|||p| |||| 00| 00por d
040 _aBR-BrBNA
_bpor
_cBiblioteca Nacional de Agricultura
041 _a(Pt)
072 _aF03
100 1 _aArrigoni-Blank, M. de F.
100 1 _aAlvarenga, A.A. de
100 1 _aBlank, A.F.
100 1 _aCarvalho, D.A. de
245 1 _aArmazenamento e viabilidade de sementes de Campomanesia rufa
650 _aGuabiroba
650 _aSemente
650 _aArmazenamento
650 _aGerminacao
773 0 _tCiencia e Agrotecnologia (Brazil)
_xISSN 1413-7054
_g(Jan-Mar 1997), v. 21(1) p. 85-90
_wBR9704613
909 _a202311
_bLúcia
_c55
_dLúcia Elande
942 _2AGRIS
_n0
_cANA
999 _c156600
_d156600